Použitie polymérov s odtlačkami molekúl ako sorbentov pri analýze vzoriek potravín

Salvato in:
Dettagli Bibliografici
Autore principale: Filičková, Zuzana (Autore)
Altri autori: Denderz, Natalia (Relatore della tesi)
Natura: Manoscritto Libro
Lingua:slovacco
Pubblicazione: 2015
Soggetti:
Accesso online:http://is.stuba.sk/zp/portal_zp.pl?podrobnosti=101538
Tags: Aggiungi Tag
Nessun Tag, puoi essere il primo ad aggiungerne!!

MARC

LEADER 00000ntm a22000003a 4500
001 stuzp53042
003 SK-STU
005 20160719154347.6
007 ta
008 150427s2015----xo-----f-mn---000-0-slo-d
040 |a STU  |b slo 
041 0 |a slo 
100 1 |a Filičková, Zuzana  |u 041180  |4 aut  |U FCHPT Ústav analytickej chémie  |T FCHPT Oddelenie analytickej chémie  |X 60966  |U C1180  |Y 108  |7 60966 
242 0 1 |a Application of molecularly imprinted polymers as sorbents for the analysis of food samples  |y eng 
245 1 0 |a Použitie polymérov s odtlačkami molekúl ako sorbentov pri analýze vzoriek potravín 
260 |c 2015 
650 4 |a kinetika sorpcie  |2 slo 
650 4 |a kinetika sorpcie  |2 slo 
650 4 |a červené víno  |2 slo 
650 4 |a polyméry s odtlačkami molekuly  |2 slo 
650 4 |a molecularly imprinted polymers  |2 eng 
650 4 |a solid-phase extraction  |2 eng 
650 4 |a sorption kinetics  |2 eng 
650 4 |a red wine  |2 eng 
700 1 |a Denderz, Natalia  |4 ths  |X 68210  |7 A0000068210 
856 4 |u http://is.stuba.sk/zp/portal_zp.pl?podrobnosti=101538 
SQL |a stuzp53042  |b DBP  |c SLO  |d Použitie polymérov s odtlačkami molekúl ako sorbentov pri analýze vzoriek potravín  |e 60966  |f Filičková, Zuzana  |g 041180  |h 68210  |i Denderz, Natalia  |j 20150713  |k 753  |l 04  |m http://is.stuba.sk/zp/portal_zp.pl?podrobnosti=101538  |n B-CHEMAT  |o 4.1.14. chémia, 5.2.18. chemické technológie